000 01380nam a2200325 i 4500
001 179313
003 ES-MaACL
005 20250811074513.0
008 111027s2010 sp acfo |||| |bspa d
020 _a978-84-92754-04-5
080 _a34 Gómez y González, Mariano
080 _a347.991(460)"1931/39"
080 _a94(460)"1931/39"
100 1 _aMiralles Sangro, Pedro-Pablo.
_9148411
245 1 0 _aAl servicio de la justicia y de la República
_b: Mariano Gómez (1883-1951), Presidente del Tribunal Supremo /
_cPedro-Pablo Miralles Sangro ; presentación a cargo de Antonio Ortiz-Arce de la Fuente y Enrique Olivas Cabanillas.
260 _aParacuellos de Jarama, Madrid :
_bDilex,
_c[2010]
300 _a345 p., [12] p. de lám. :
_bil. ;
_c24 cm.
500 _aÍndice onomástico.
504 _aBibliografía: p. [315]-324.
600 1 7 _aGómez González, Mariano.
_9148414
610 1 4 _aEspaña.
_bTribunal Supremo
_94004
651 7 _aEspaña-
_xHistoria-
_y1931-1939, II República.
_98283
700 1 _aOrtiz-Arce de la Fuente, Antonio.
_9148412
700 1 _aOlivas, Enrique.
_9148413
852 _aES-MaACL
_jA-11675
_9186199
_bR.146653
_cDEPO1
_dOlim: N-4680
_xDonación: Dº Isabelo Herreros
903 _aHerreros, Isabelo,
_d1953-
_ednr
_963354
942 _2udc
_cMONOGRAFIA
999 _c179313
_d179313